| 000 | 00753nam a22001577a 4500 | ||
|---|---|---|---|
| 003 | OSt | ||
| 005 | 20151130143054.0 | ||
| 008 | 151130b xxu||||| |||| 00| 0 eng d | ||
| 040 | _cRUA | ||
| 082 | _aFIS HUO 1997 B166 Or.1 | ||
| 100 |
_94028 _aHUON THAVRAK |
||
| 245 | _aThe effect of organic and inorganic fertilization on the growth of tilapia fingerlins in concrte tanks, ឥទ្ធិពលនៃការប្រើប្រាស់ជីសរីរាង្គ និងអសរីរាង្គ ទៅលើការលូតលាស់របស់កូនត្រីទីឡាព្យា ក្នុងអាងស៊ិម៉ង់ត៍. | ||
| 260 |
_aPhnom Penh _bRUA _c1997 |
||
| 300 |
_a66p. _bill. _c29cm. |
||
| 942 |
_2ddc _cFIS |
||
| 999 |
_c3747 _d3747 |
||